| 000 | 00855cfm a22002175a 4500 | ||
|---|---|---|---|
| 001 | L140417 | ||
| 008 | 070921s1751 xxk a 0 h eng u | ||
| 035 | _a(Sirsi) u140417 | ||
| 041 | 0 | _aeng | |
| 100 | 1 | _aKing, Joseph | |
| 245 | 0 | 2 |
_aA plan of the several coal-staiths, at Darwent haugh in the county of Durham _bbelonging to the Right Honourable Lord Viscount Windsor and others, survey'd by Isaac Thompson of Newcastle 1750, plan'd by Joseph King May 1751 _h[cartographic material] |
| 255 | _a1:720 | ||
| 260 | _c1751 | ||
| 300 |
_a1 ms. map _bvellum, col. _c66 x 71 cm. |
||
| 500 | _aManuscript map with hand colouring. | ||
| 500 | _aIncludes a vignette of Lord Windsor's staith. | ||
| 651 | 4 | _aDurham | |
| 690 | _aENVIRONMENTAL AND LAND CONSULTANCY-GEOMATICS-MAPPING AND POSITIONING-CARTOGRAPHY | ||
| 700 | _aThompson, Isaac | ||
| 942 | _n0 | ||
| 999 |
_c116876 _d116876 |
||